000 00627nam a2200229 i 4500
001 000032130
003 DO-SdBNP
005 20230915083052.0
007 ta
008 110712s1978 mx 000 0 spa d
040 _aDO-SdBNP
_bspa
_cBNPHU
_erda
082 _bG943
_222
245 1 3 _aGuía al curso de religión de primer año de primaria
264 _aSanto Domingo
_bVisión ,
_c1978
300 _a84 paginas. ;
_c24 cm.
336 _2rdacontent
_atexto
_btxt
337 _2rdamedia
_asin mediación
_bn
338 _2rdacarrier
_avolumen
_bnc
590 _aInventariado, 2023 / DG
910 _aDG
942 _2ddc
_cLBS1
999 _c54765
_d54765